000 00713nam a22002177a 4500
005 20251108165821.0
008 250721s1988 xx 000 0 ara d
082 1 4 _aط/629.4/بطر
100 1 _aبطرفيلد، مويرا
245 1 0 _aمدخل إلى التوابع و محطات الفضاء /
264 1 _aبيروت :
_bالمؤسسة العربيه للدراسات،
_c1988.
300 _a48 ص. : مص.
490 0 _aأوسبورن
650 1 7 _aالأقمار الصناعيه
650 1 7 _aالفضاء
653 _aناشئون كبار (15-18 سنة)
700 1 _aمدانات، حيدر
_eترجمة
700 1 _aمدانات، حسام
_eTran.
942 _2ddc
_cBK
999 _c32071
_d32071